| 000 | 00340nam a2200145Ia 4500 | ||
|---|---|---|---|
| 008 | 230917s9999||||xx |||||||||||||| ||und|| | ||
| 040 |
_e153559 _aMAIN |
||
| 041 | _aEnglish | ||
| 082 | _a294.12 S72R | ||
| 100 | _aRaj, M. Sundar | ||
| 245 | 0 | _aRgvedic studies (8 parts) | |
| 260 |
_aMadras _bISIAC _c1983 |
||
| 300 | _a91p p. | ||
| 942 | _cBK | ||
| 999 |
_c72146 _d72146 |
||